Σύγχρονος εγκυκλοπαίδεια επιστημών : σύμβουλος μαθητών - υποψήφιων σπουδαστών - φοιτητών
Αποθηκεύτηκε σε:
| Άλλοι συγγραφείς: | |
|---|---|
| Μορφή: | Βιβλίο |
| Γλώσσα: | Greek |
| Δημοσίευση: |
Αθήνα :
Χ. Γιοβάνης,
[19--;]
|
| Θέματα: | |
| Ετικέτες: |
Προσθήκη ετικέτας
Δεν υπάρχουν, Καταχωρήστε ετικέτα πρώτοι!
|
MARC
| LEADER | 00000cam a2200000 i 4500 | ||
|---|---|---|---|
| 001 | 1/76447 | ||
| 008 | 080301q19701980gr | ||| |||| ||gre|| | ||
| 035 | |l 10095184 | ||
| 040 | |a GR-MY-UA |b gre |e aacr | ||
| 041 | 0 | |a gre | |
| 082 | 0 | |a 039.89 |2 (22) | |
| 245 | 1 | 0 | |a Σύγχρονος εγκυκλοπαίδεια επιστημών : |b σύμβουλος μαθητών - υποψήφιων σπουδαστών - φοιτητών / |c εποπτεία Ι.Ν. Θεοδωρακοπούλου |
| 260 | |a Αθήνα : |b Χ. Γιοβάνης, |c [19--;] | ||
| 300 | |a 4 τ.; |c 30 εκ. | ||
| 505 | 0 | |a Τ.1. Σύγχρονος εγκυκλοπαίδεια επιστημώντ.2. Γεωλογία, ανθρωπογεωγραφία, φυσική, γεωγραφίατ.3. Πολιτική οικονομική γεωγραφία ηπείρωντ.4. Ιστορία, πολιτισμός, ανατολικοί λαοί | |
| 650 | 0 | 0 | |a Science |x Encyclopedias. |
| 650 | 0 | 0 | |a Encyclopedias and dictionaries, Greek. |
| 700 | 1 | |a Θεοδωρακόπουλος, Ιωάννης Ν., |d 1900-1981. |4 edt | |
| 852 | |a INST |b RHODES |e 20080301 |h 039.89 ΣΥΓ |p 005400029652 |q 005400029652 |t REF |y 23 |z τ.4 | ||
| 852 | |a INST |b RHODES |e 20080301 |h 039.89 ΣΥΓ |p 005400029653 |q 005400029653 |t REF |y 23 |z τ.1 | ||
| 852 | |a INST |b RHODES |e 20080301 |h 039.89 ΣΥΓ |p 005400029654 |q 005400029654 |t REF |y 23 |z τ.2 | ||
| 852 | |a INST |b RHODES |e 20080301 |h 039.89 ΣΥΓ |p 005400029655 |q 005400029655 |t REF |y 23 |z τ.3 | ||
| 852 | |a INST |b RHODES |e 20080301 |h 039.89 ΣΥΓ |p 005400029652 |q 005400029652 |t REF |v τ.4: |y 23 |z τ.4 | ||
| 852 | |a INST |b RHODES |e 20080301 |h 039.89 ΣΥΓ |p 005400029653 |q 005400029653 |t REF |v τ.1: |y 23 |z τ.1 | ||
| 852 | |a INST |b RHODES |e 20080301 |h 039.89 ΣΥΓ |p 005400029654 |q 005400029654 |t REF |v τ.2: |y 23 |z τ.2 | ||
| 852 | |a INST |b RHODES |e 20080301 |h 039.89 ΣΥΓ |p 005400029655 |q 005400029655 |t REF |v τ.3: |y 23 |z τ.3 | ||
| 853 | |a INST |b RHODES |h 039.89 ΣΥΓ | ||
| 901 | |a BIBL4-2008-1 | ||
| 909 | |a Ρ |b 128422 | ||
| 909 | |a Ρ |b 128423 | ||
| 909 | |a Ρ |b 128424 | ||
| 909 | |a Ρ |b 128425 | ||
| 920 | |a ΕΡΓΑΣΤΗΡΙΟ ΙΣΤΟΡΙΑΣ |y Ρόδος |z 2008-02 | ||
| 970 | |a ΚΟΖΑ |b ΜΑΡΙΑ |z 2008/03/01 | ||